| 000 | 00653nam a2200205 a 4500 | ||
|---|---|---|---|
| 005 | 20140412111236.0 | ||
| 008 | 010530s19uu xx 00 eng d | ||
| 020 | _a0-689-80894-1 | ||
| 050 |
_aER _bBu96 1995 |
||
| 100 | _aScarry, Richard | ||
| 245 |
_aBusytown race day / _cRichard Scarry. |
||
| 260 |
_aNew York : _bAladdin Paperbacks, _c1995. |
||
| 300 | _a1v. (unp.) ; ill. | ||
| 440 | _aThe Busy World of Richard Scarry | ||
| 520 | _aIt's the annual Busytown Race Day, and the Huckle and Lowly are ready to go. Then disaster strikes! | ||
| 650 | _aRacing-Fiction | ||
| 650 | _aCars-Fiction | ||
| 650 | _aAnimals-Fiction | ||
| 999 |
_c102425 _d102425 |
||